000 00273nam a2200121 a 4500
008 100910s1987|||| d
100 1 _aDumbadze, Nodar
245 1 0 _aĽudský hlas
260 _bPravda
_aBratislava
_c1987
020 _c25
044 _axo
_cSK
041 _aslo
999 _c10262
_d10262